00447nam a2200121Ia 4500008004100000040001600041041001200057082001400069100002200083245017000105260004000275300001000315230917s9999||||xx |||||||||||||| ||und|| e53256aMAIN aEnglish aB N315N:N aNehru, Jawaharlal 0aNehru the first sixty years: Presenting in his own words the development of the political thought of Jawaharlal Nehru and the background against which it evolved, V2 aBombaybAsia Publishing Housec1965 av. p.